000
00266nam a2200097Ia 4500
001
1300168
005
20260420095859.0
008
260420s9999 xx 000 0 und d
245
0
_a
ÖLÇÜLÜ DAVRANMAK NE GÜZEL
_c
MÜNİRE ŞAFAK
260
_b
TİMAŞ ÇOCUK YAYINLARI
999
_c
1300168
_d
1300168